| 000 | 00634nam a2200193Ia 4500 | ||
|---|---|---|---|
| 003 | GCL | ||
| 008 | 140319s9999 xx 000 0 ara d | ||
| 020 | _a7441291977 | ||
| 040 |
_aGCL / _cGCL |
||
| 082 | 0 | 4 |
_a813.01 _bث ط |
| 100 | 1 | _aثريا نافع | |
| 245 | 1 | 0 |
_aطقوس الزمن المحال / _cثريا نافع |
| 260 |
_aالقاهرة : _bمركز الحضارة العربية للاعلام والنشر ، _c2003 |
||
| 300 |
_a103 ص ؛ _c18 سم |
||
| 650 | 0 | 4 | _aالادب العربى |
| 650 | 0 | 4 | _aالقصص العربية القصيرة - مصر |
| 650 | 0 | 4 | _aالقصص - مجموعات |
| 942 |
_2ddc _cBK |
||
| 999 |
_c5527 _d5527 |
||